| 000 | 02027cam a22003257i 4500 | ||
|---|---|---|---|
| 001 | 21909296 | ||
| 005 | 20260606151056.0 | ||
| 008 | 210219s2021 cau 000 0 eng | ||
| 010 | _a 2021933183 | ||
| 020 |
_a9789353887858 _q(hardback) |
||
| 020 |
_z9789353887865 _q(epub) |
||
| 020 |
_z9789353887889 _q(ebook) |
||
| 035 | _a21909296 | ||
| 040 |
_aDLC _beng _erda _cDLC _dDLC |
||
| 050 | 0 | 0 | _aMLCM 2022/40128 (J) |
| 082 | _a341.480954 | ||
| 245 | 0 | 0 |
_aAdvancement of human rights in India : _bcontemporary and emerging challenges / _cDebarati Halder, Shrut S. Brahmbhatt. |
| 264 | 1 |
_aThousand Oaks : _bSAGE Publishing, _c2021. |
|
| 300 |
_axix, 350 pages ; _c23 cm |
||
| 336 |
_atext _btxt _2rdacontent |
||
| 337 |
_aunmediated _bn _2rdamedia |
||
| 338 |
_avolume _bnc _2rdacarrier |
||
| 520 |
_a"Human rights, despite being prone to serious obstacles, have garnered immense attention in the recent years. This book is an authoritative study of the recent trends and challenges of human rights in India, focusing on the advancement of judicial activism and gross violations of these rights by the government and private stake holders. Covering a wide range of topics, this book features critical discussions on the legal rights of women, children, forest tribes, disabled individuals, prisoners and other socially disadvantaged groups whose welfare is heavily neglected, and thus, needs urgent attention. This book also addresses contemporary debates on consular access, privacy, paternity leave and food security, among others. this book acknowledges progress in the fight for human rights and also presents possible solutions to the many difficulties that lie ahead"-- _cProvided by publisher. |
||
| 700 | 1 |
_aHalder, Debarati, _eeditor. |
|
| 700 | 1 |
_aBrahmbhatt, Shrut S., _eeditor. |
|
| 856 |
_uhttps://sk.sagepub.com/books/advancement-of-human-rights-in-india _yRead SAGE E-Book |
||
| 906 |
_a7 _bcbc _corignew _d4 _eepcn _f20 _gy-gencatlg |
||
| 942 |
_2ddc _cEBOOK |
||
| 999 |
_c44757 _d44757 |
||